Rzeki w Chinach - Nagła Śmierć - Statystyki

Ogólne statystyki
  • Ten quiz został rozwiązany 26 razy
    9 od ostatniego zresetowania
  • Średni wynik to 7 z 15
Answers on the Grid
Answers color-coded by a green-red scale on the quiz's grid according to % correct below.
Amu-daria
Amur
Argun
Brahmaputra
Eufrat
Ganges
Han
Huang He
Indus
Irtysz
Jamuna
Jangcy
Jenisej
Kura
Mekong
Ob
Rzeka Czarna
Rzeka Czerwona
Rzeka Perłowa
Saluin
Sungari
Syr-daria
Tarym
Taz
Tygrys
Wiluj
Wołga
Xi Jiang
 
Statystyki odpowiedzi
Odpowiedź % Poprawnych
Jangcy
100%
Xi Jiang
100%
Huang He
83%
Brahmaputra
67%
Amur
50%
Rzeka Czerwona
50%
Rzeka Perłowa
50%
Indus
33%
Mekong
33%
Saluin
33%
Argun
17%
Rzeka Czarna
17%
Sungari
17%
Tarym
17%
Irtysz
0%
Nie znaleziono quizów pasujących do podanych kryteriów
Rozkład punktacji
Procent ludzi z każdym wynikiem
Percentyl według liczby udzielonych odpowiedzi
Twoja historia wyników
Nie rozwiązałeś tego quizu od ostatniego zresetowania